000 00786nam a22002297a 4500
999 _c65483
_d65483
005 20240530110827.0
008 190806s2018 ua b b 001 0 ara d
017 _a2017/8282
_bمصر. دار الكتب
020 _a9789776543188
040 _aEG-CaGPL
_cEG-CaGPL
082 0 4 _221
_a907.2/
_bف م
100 0 _aفرغلى على تسن هريدى
245 1 0 _aمنهج البحث التاريخى /
_cفرغلى على تسن هريدى
250 _aط.1
260 _aالقاهرة :
_bروابط للنشر وتقنية المعلومات،
_c2018
300 _a228ص. :
_bايض. ؛
_c24 سم
650 0 7 _2qrmak
_aالتاريخ
650 0 7 _aالتاريخ
_2qrmak
_xفلسفة
651 _2qrmak
942 _2ddc
_cBK